Manual for land application of treated municipal waste water and sludge / (Record no. 5550)
[ view plain ]
| 000 -LEADER | |
|---|---|
| fixed length control field | 00573cam a2200205ua 4500 |
| 020 ## - INTERNATIONAL STANDARD BOOK NUMBER | |
| ISBN | 81-85312-01-X |
| 041 ## - LANGUAGE CODE | |
| Language code of text/sound track or separate title | eng |
| 082 ## - DEWEY DECIMAL CLASSIFICATION NUMBER | |
| Classification number | 028.72628 |
| Item number | BLA/MA |
| 100 ## - MAIN ENTRY--AUTHOR NAME | |
| Personal name | Black, Steve A . |
| 245 ## - TITLE STATEMENT | |
| Title | Manual for land application of treated municipal waste water and sludge / |
| 250 ## - EDITION STATEMENT | |
| Edition statement | 1 / |
| 260 ## - PUBLICATION, DISTRIBUTION, ETC. (IMPRINT) | |
| Place of publication | Jodhpur : |
| Name of publisher | Geo-Environ Academia , |
| Year of publication | 1989. |
| 300 ## - PHYSICAL DESCRIPTION | |
| Number of Pages | 206 ; . |
| 700 1# - ADDED ENTRY--PERSONAL NAME | |
| Personal name | Graveland, David N . |
| 942 ## - ADDED ENTRY ELEMENTS (KOHA) | |
| Koha item type | Books |
| Withdrawn status | Lost status | Damaged status | Home library | Current library | Date acquired | Full call number | Accession Number | Koha item type |
|---|---|---|---|---|---|---|---|---|
| KAUAET | KAUAET | 07/04/2012 | 028.72628 | 16986 | Reference | |||
| KAUAET | KAUAET | 07/04/2012 | 028.72628 | 16907 | Reference |
